| 000 | 00486nam a2200169 i 4500 | ||
|---|---|---|---|
| 001 | 97910 | ||
| 003 | ES-MaACL | ||
| 005 | 20230906182200.0 | ||
| 007 | t| | ||
| 008 | 050719s1926 zzz ||||1| spa d | ||
| 245 | 0 | 3 |
_aEl Mariscal Francisco Solano López / _cpublicación de la Junta Patriótica Paraguaya. |
| 260 |
_a[s.l. : _bs.n.], _c1926. |
||
| 300 |
_a460 p. ; _c19 cm. |
||
| 700 | 1 |
_aSolano López, Francisco. _9107088 |
|
| 852 |
_aES-MaACL _jA-1280 |
||
| 852 |
_aES-MaACL _jF-3187 |
||
| 999 |
_c97910 _d97910 |
||